Sports Quiz

Random Sports or Country Quiz

ATP Top 100 players - doubles Quiz Stats

 Plays Quiz not verified by Sporcle

Challenge
Share
Tweet
Embed
Score 0/100 Timer 15:00
0 Plays Today
Rank Player % Correct
1Bob Bryan
95%
1Mike Bryan
95%
3Daniel Nestor
92.5%
5Leander Paes
92.5%
7Max Mirnyi
90%
8Jurgen Melzer
87.5%
57Jamie Murray
87.5%
15Marc Lopez
82.5%
3Nenad Zimonjic
80%
23Andy Ram
75%
39Marcelo Melo
75%
67Rajeev Ram
75%
6Mahesh Bhupathi
72.5%
55Viktor Troicki
72.5%
19Horia Tecau
70%
28Mark Knowles
70%
30Sam Querrey
70%
48Jarkko Nieminen
70%
10Lukasz Kubot
67.5%
12Marcin Matkowski
67.5%
16Rohan Bopanna
67.5%
31John Isner
67.5%
70Janko Tipsarevic
67.5%
88Yen-Hsun Lu
67.5%
92Radek Stepanek
67.5%
20Philipp Petzschner
65%
21Robert Lindstedt
65%
22Marcel Granollers
65%
32Julian Knowle
65%
79Rafael Nadal
65%
29Michael Llodra
62.5%
38Julien Benneteau
62.5%
54Sergiy Stakhovsky
62.5%
12Mariusz Fyrstenberg
60%
Rank Player % Correct
18Aisam-Ul-Haq Qureshi
60%
46Mardy Fish
60%
50Santiago Gonzalez
60%
71Andre Sa
60%
86Andreas Seppi
60%
35Bruno Soares
57.5%
47Potito Starace
57.5%
82Ivo Karlovic
57.5%
17Dick Norman
55%
41Jean-Julien Rojer
55%
69Mikhail Youzhny
55%
62Pablo Cuevas
52.5%
9Lukas Dlouhy
50%
26Simon Aspelin
50%
34Tommy Robredo
50%
37Eduardo Schwank
50%
45Jonathan Erlich
50%
61Arnaud Clement
50%
99Leonardo Mayer
50%
90Benjamin Becker
47.5%
11Oliver Marach
45%
14Wesley Moodie
45%
52Juan Ignacio Chela
42.5%
97Nicolas Mahut
40%
24Frantisek Cermak
37.5%
58Daniele Bracciali
37.5%
27Paul Hanley
35%
33Horacio Zeballos
35%
36Eric Butorac
35%
56Nicolas Almagro
35%
59Scott Lipsky
35%
73Colin Fleming
35%
25Michal Mertinak
32.5%
51Ross Hutchins
32.5%
Rank Player % Correct
40David Marrero
30%
49Christopher Kas
30%
76Jeremy Chardy
27.5%
53Dustin Brown
25%
77Ken Skupski
25%
60Stephen Huss
22.5%
83Sanchai Ratiwatana
22.5%
83Sonchat Ratiwatana
22.5%
98Edouard Roger-Vasselin
22.5%
43Filip Polasek
17.5%
68Philipp Marx
17.5%
63Johan Brunstrom
15%
64Dusan Vemic
15%
66Igor Zelenay
15%
72Martin Damm
15%
81Leos Friedl
15%
80Carlos Berlocq
12.5%
85Lovro Zovko
12.5%
91Brian Battistone
12.5%
42Michael Kohlmann
10%
65Rogier Wassen
10%
78Jordan Kerr
10%
89James Cerretani
10%
100Simone Vagnozzi
10%
87Adil Shamasdin
7.5%
44Santiago Ventura
5%
74Franco Ferreiro
5%
95Rameez Junaid
5%
96Tomasz Bednarek
5%
75Travis Rettenmaier
2.5%
93David Skoch
2.5%
94Martin Slanar
2.5%

You're not logged in!

Compare scores with friends on all Sporcle quizzes.
OR
Log In

You Might Also Like...

Show Comments

Extras

Created Jan 19, 2011ReportNominate
Tags:Country Quiz, 100, 2010, ATP, double, player, Top 100

Top Quizzes Today


Score Distribution

Your Account Isn't Verified!

In order to create a playlist on Sporcle, you need to verify the email address you used during registration. Go to your Sporcle Settings to finish the process.

Report this User

Report this user for behavior that violates our Community Guidelines.

Details: